000
00299cam a22001097a 4500
008
180718b1954 xxu||||| |||| 00| 0 eng d
082
_a
T068x54 In2/5-6
100
_a
Lahiri, D.B.
245
_a
National sample survey
_c
by D.B. Lahiri
260
_a
New Delhi
_b
Government of India
_c
1954
300
_a
155p
999
_c
420926
_d
420926